Statistics for Countries that are Free from JETPUNK

Click here to take the quiz!

General Stats

  • This quiz has been taken 205 times
    (202 since last reset)
  • The average score is 10 of 22

Answer Stats

ContinentAnswer% Correct
South AmericaBrazil
87%
South AmericaBolivia
74%
South AmericaColombia
73%
AfricaChad
59%
OceaniaSamoa
58%
AfricaMorocco
58%
AfricaMali
55%
North AmericaBahamas
55%
AsiaLaos
51%
North AmericaBarbados
48%
AfricaGambia
46%
AfricaLibya
46%
AfricaZambia
45%
AsiaIraq
42%
AsiaSyria
40%
AfricaSomalia
37%
AfricaMalawi
35%
AfricaComoros
30%
AsiaMalaysia
28%
AfricaMadagascar
28%
AsiaCambodia
28%
EuropeMoldova
24%

Score Distribution

Percentile by Number Answered

Percent of People with Each Score

Your Score History

You have not taken this quiz since the last reset